000 01139nam a2200229Ii 4500
003 JO-AjNU
008 230605s9999||||xx |||||||||||||| ||und||
017 _a2010/12/4426
040 _aJO-AjNU
_bara
_erda
_cJO-AjNU
041 _aara
050 1 4 _aTH420.J67.2011
100 3 _aالأردن. وزارة الأشغال العامة والإسكان. مجلس البناء الوطني الأردني,
_eauthor
_951681
245 0 0 _aمجلس البناء الوطني الأردني، وزارة الأشغال العامة والإسكان: كودة المنشآت الفولاذية، التصميم بطريقة عاملي المقاومة والحمل
250 _aط1
264 3 1 _aعمان: الجمعية العلمية الملكية،مجلس البناء الوطني الأردني، 2011
300 _aمتعدد الترقيم
336 _atext
_btxt
_2rdacontent
337 _aunmediated
_bn
_2rdamedia
338 _avolume
_bnc
_2rdacarrier
490 0 _aكودات البناء الوطني الأردني 
650 4 _aالمباني --المنشآت الفولاذية -- المقاومة -- الحمل
_951682
999 _aA22847
_c26415
_d26415